Catálogo
 En Linea

Siempre mis aguas tendrán rumores : (Registro nro. 50462)

Detalles MARC
000 -CABECERA
campo de control de longitud fija 00803nam a22002297a 4500
003 - IDENTIFICADOR DEL NÚMERO DE CONTROL
campo de control DO-SdBNP
005 - FECHA Y HORA DE LA ÚLTIMA TRANSACCIÓN
campo de control 20240306183430.0
007 - CAMPO FIJO DE DESCRIPCIÓN FÍSICA--INFORMACIÓN GENERAL
campo de control de longitud fija ta
008 - DATOS DE LONGITUD FIJA--INFORMACIÓN GENERAL
campo de control de longitud fija 210909b 2019 dr 00| 0 eng d
020 ## - NÚMERO INTERNACIONAL ESTÁNDAR DEL LIBRO
Número Internacional Estándar del Libro 9789945503517
040 ## - FUENTE DE LA CATALOGACIÓN
Centro catalogador/agencia de origen DO-SdBNP
Lengua de catalogación spa
Centro/agencia transcriptor BNPHU
100 ## - ENTRADA PRINCIPAL--NOMBRE DE PERSONA
Nombre de persona Ureña Henríquez, Salomé de,
Fechas asociadas al nombre 1850-1897
9 (RLIN) 83378
245 1# - MENCIÓN DE TÍTULO
Título Siempre mis aguas tendrán rumores :
Resto del título poesías /
Mención de responsabilidad, etc. Salomé Ureña ; prólogo Consuelo Triviño Anzola
260 ## - PUBLICACIÓN, DISTRIBUCIÓN, ETC.
Lugar de publicación, distribución, etc. Santo Domingo :
Nombre del editor, distribuidor, etc. Ministerio de Cultura,
Fecha de publicación, distribución, etc. 2019.
300 ## - DESCRIPCIÓN FÍSICA
Extensión 253 p. ;
Dimensiones 19 cm.
490 ## - MENCIÓN DE SERIE
Mención de serie Biblioteca Dominicana Básica
Designación de volumen o secuencia 20
500 ## - NOTA GENERAL
Nota general Incluye datos biográficos de la autora en las solapas
700 1# - PUNTO DE ACCESO ADICIONAL--NOMBRE DE PERSONA
Nombre de persona Triviño Anzola, Consuelo,
Término indicativo de función/relación pról.
9 (RLIN) 79812
830 ## - PUNTO DE ACCESO ADICIONAL DE SERIE-TÍTULO UNIFORME
Número de parte o sección de la obra Biblioteca Dominicana Básica
Nombre de parte o sección de la obra 20
9 (RLIN) 79813
910 ## - DATOS DE OPCIÓN DEL USUARIO (OCLC)
Datos de opción del usuario Btavárez
942 ## - ELEMENTOS DE PUNTO DE ACCESO ADICIONAL (KOHA)
Fuente del sistema de clasificación o colocación Dewey Decimal Classification
Tipo de ítem Koha Libro
Existencias
Estado de retiro Estado de pérdida Fuente del sistema de clasificación o colocación No para préstamo Código de colección Localización permanente Ubicación/localización actual Ubicación en estantería Fecha de adquisición Fuente de adquisición Total de préstamos Signatura topográfica completa Código de barras Fecha visto por última vez Precio válido a partir de Tipo de ítem Koha Número de copia
    Dewey Decimal Classification Préstamo en sala Monografías: Libros y Folletos Biblioteca Nacional Pedro Henríquez Ureña Dominicana Depósito 09.09.2021 Depósito Legal   BNPHU DS 2021-26289 09.09.2021 09.09.2021 Libro e.3
    Dewey Decimal Classification Préstamo en sala Monografías: Libros y Folletos Biblioteca Nacional Pedro Henríquez Ureña Dominicana En catalogación 09.09.2021 Depósito Legal   BNPHU DS 2021-26290 09.09.2021 09.09.2021 Libro e.4
    Dewey Decimal Classification Préstamo en sala Monografías: Libros y Folletos Biblioteca Nacional Pedro Henríquez Ureña Dominicana En catalogación 09.09.2021 Depósito Legal   BNPHU DS 2021-26291 09.09.2021 09.09.2021 Libro e.5
    Dewey Decimal Classification Excluido de préstamo Monografías: Libros y Folletos Biblioteca Nacional Pedro Henríquez Ureña Patrimonio Dominicano Depósito 09.09.2021 Depósito Legal   BNPHU PD 2021-26287 09.09.2021 09.09.2021 Libro  
    Dewey Decimal Classification Excluido de préstamo Monografías: Libros y Folletos Biblioteca Nacional Pedro Henríquez Ureña Patrimonio Dominicano Depósito 09.09.2021 Depósito Legal   BNPHU PD 2021-26288 09.09.2021 09.09.2021 Libro e.2

Con tecnología Koha